| 000 | 01014nam a2200313 a 4500 | ||
|---|---|---|---|
| 001 | vtls000283660 | ||
| 003 | NLI | ||
| 005 | 20210602125725.0 | ||
| 008 | 101203s1994 enk 001 0 eng | ||
| 020 |
_a0415093678 (pbk) : _cPND 12.99 |
||
| 039 | 9 |
_y201012031844 _zVLOAD |
|
| 040 | 0 |
_aNLI _beng _cEntertech-FY 2010 _eAACR2 |
|
| 041 | 0 | _aeng | |
| 044 | _aenk | ||
| 082 | 0 | 4 | _a297 |
| 245 | 0 | 0 |
_aIslam, globalization and postmodernity / _cedited by Akbar S. Ahmed and Hastings Donnan |
| 260 |
_aLondon : _bRoutledge Curzon, _c1994 |
||
| 300 |
_axiv, 242 p. ; _c24 cm. |
||
| 500 | _aIncludes index | ||
| 650 | 0 |
_aIslam _y20th century _94800 |
|
| 700 | 1 |
_aAhmed, Akbar S., _4edt _9279890 |
|
| 700 | 1 |
_aDonnan, Hastings, _4edt _9141036 |
|
| 887 | _a | ||
| 901 |
_a524888 _b29.7.1995 |
||
| 902 | _aE 297 Is 4 ah | ||
| 949 |
_AVIRTUAITEM _D10000 _X100 _6PUR000524888ENG |
||
| 942 |
_2ddc _cBKS |
||
| 999 |
_aVIRTUA40 _c242995 _d242995 |
||
| 999 | _aVTLSSORT0080*0200*0400*0410*0440*0820*2450*2600*3000*5000*6500*7000*7001*9010*9020*9490*9991 | ||